000 02279nam0a2200457 4500
001 RU\NLR\BIBL_A\012722156
005 20250624131550.0
010 _a978-5-0055-4642-5
021 _aRU
_b2021-79356
_9КН-П-6317
035 _a(RuMoRGB)010880049
035 _a(NLR Aleph) 012722156
090 _a12945194
_c12945194
100 _a20220304d2021 |||y0rusy50 ca
101 0 _arus
102 _aRU
105 _aabc z 000zy
181 0 _ai
_baxxe
182 1 _an
200 1 _aХрамы земли Невельской
_eистория. Люди. Факты
_fГеннадий Синицкий
203 _aТекст
_bвизуальный
_cнепосредственный
210 _a[Б. м.]
_cИздательские решения
_d2021
215 _a461, [6] с.
_cил., портр., карт.
_d22
300 _aКнига создана в интеллектуальной издательской системе Ridero.ru
330 _aВ книге собраны исторические материалы о православных и единоверческих приходах, церквях, часовнях, священнослужителях Невельского уезда Полоцкой и Витебской епархии XIX - первой половины XX веков
333 _a0+
606 1 _aЦеркви и соборы старообрядческие
_yВитебская губерния
_92518585
_3RU\NLR\AUTH\6601707146
606 1 _aЦеркви и соборы
_yВитебская губерния
_92518583
_3RU\NLR\AUTH\6601707145
607 _aНевельский уезд (Россия)
_2rugeo
610 0 _aПолоцкая и Невельская епархия
610 0 _aединоверческие приходы
610 0 _aединоверцы
675 _a271.22-9(476)
_v4
686 2 _aЭ372.242.14-39(2Б-77В)-655.12
686 2 _aЭ372.24-39(2Б-77В)-655.12
700 1 _aСиницкий
_bГ. Н.
_gГеннадий Николаевич
942 _cBOOK
980 _aNB